LEADER 01262nam a2200265 i 4500 001 000000154215 003 CaOOAMICUS 005 20061012000000.0 008 061012s1982 it u000 u ita u 013 $a131561 040 $aSeMil$bita 245 12$aI precursori di Marco Polo :$btesti integrali scelti, tradotti e commentati con una introduzione sulla geografia dell'Asia prima di Marco Polo /$cA cura di A. t'Serstevens. 260 $aMilano :$bGarzanti,$ccopyr. 1982. 300 $a358 p., [32] p. di tav. ;$c19 cm. 490 0 $aIl corso della storia 500 $aFondo Ciprandi. 650 4$aAsia - Descrizioni e viaggi - Sec. 9.-13. - Antologie.$0(OLS)http://semarc/subject/30187 700 1 $at'Serstevens, A.$0(OLS)http://semarc/name/60346 830 3$aIl corso della storia.$0(OLS)http://semarc/title/21895 850 $aSeMil 852 $aSeMil$W1$xVenegono$y1$m3T II 117$j106075$B106075$CSeMilBibl$Z2$F116887 $81 941 1 $a1 961 $aOmaggio: Ciprandi dott. Paolo 996 $6245$aI precursori di Marco Polo :$btesti integrali scelti, tradotti e commentati con una introduzione sulla geografia dell'Asia prima di Marco Polo$9(OLS)http://semarc/title/225677 996 $6260$aMilano :$bGarzanti$9(OLS)http://semarc/publisher/29852 LEADER 00906nam a2200205 i 4500 001 000000209248 003 CaOOAMICUS 005 20111212000000.0 008 111212s1901 it u000 u ita u 013 $a188037 040 $aSeMil$bita 100 1 $aMorandi, Luigi <1844-1922>.$0(OLS)http://semarc/name/74789 245 10$aCome fu educato Vittorio Emanuele 3. /$cRicordi di Luigi Morandi. 260 $aTorino [etc.] :$bDitta G. B. Paravia e Comp.,$cstampa 1901. 300 $aX, 148 p. :$bill. ;$c20 cm. 600 04$aVittorio Emanuele III : di Savoia .$0(OLS)http://semarc/subject/7265 850 $aSeMil 852 $aSeMil$W1$xVenegono$y1$m3T III 99$j159699$B159699$CSeMilBibl$Z2$F170750 $81 996 $6245$aCome fu educato Vittorio Emanuele 3.$9(OLS)http://semarc/title/302472 996 $6260$aTorino [etc.] :$bDitta G. B. Paravia e Comp.$9(OLS)http://semarc/publisher/35214